00474 2200193 4500001002100000005001500021035002000036245003600056100002600092250000600118300002600124856004500150260001900195082000800214084001400222020002200236650001000258990001200268INLIS00000000000197720250526100724 a0010-05250002691 aMangir /cPramoedya Ananta Toer0 aPramoedya Ananta Toer a2 a141 ;c13,5 x 19,5 cm aRuang Baca Umum No Klas 800 ( Rak 3,4,5) aJakarta,c2011 a813 a813 PRA m a978-979-91-0364-2 4aNovel a0754537